Comunicación y expresión oral y escrita: la dramatización como recurso

Saved in:
Bibliografiske detaljer
Hovedforfatter: García del Toro, Antonio (Author)
Format: Bog
Sprog:spansk
Udgivet: Barcelona Graó 2004
Udgivelse:2a. ed
Serier:Didáctica de la Lengua y de la Literatura, 198
Fag:
Tags: Tilføj Tag
Ingen Tags, Vær først til at tagge denne postø!

MARC

LEADER 00000cam a2200000 a 4500
001 UCD6200
003 CL-VaPUC
008 161124e20040000sp |||||||||||||||||spa|d
020 |a 8478273387 
082 0 4 |a 372.66  |b GAR  |2 21 
100 |a García del Toro, Antonio  |e author  |9 589920 
245 1 0 |a Comunicación y expresión oral y escrita: la dramatización como recurso 
250 |a 2a. ed 
300 |a 95 p 
942 |c BK 
945 |d 20161124 22:47:00  |a dcastane 
260 |a Barcelona  |b Graó  |c 2004 
650 0 |a Comunicación escrita  |9 345084 
650 0 |a Comunicación oral  |9 307769 
650 7 |a DRAMATIZACION  |2 CL-VaPUC  |9 340036 
650 0 |a Teatro  |9 265385 
583 |a last modification  |c 20161124 22:47:00  |k Rodrigo Vera 
490 0 |a Didáctica de la Lengua y de la Literatura, 198 
999 |c 366565  |d 366563 
952 |0 0  |1 0  |3 erb  |4 0  |6 372_660000000000000_GAR_2004  |7 0  |8 A  |9 480855  |a BIBEDU  |b BIBEDU  |i 5350212  |o 372.66 GAR 2004  |p 5350212  |r 2019-11-24  |w 2019-11-24  |y BK  |z Catalogado en:20161124  |k EPE